[Event "SVK-chT2C 1112"]
[Site "Slovakia"]
[Date "2011.10.09"]
[Round "2.3"]
[White "Pechac, Jergus"]
[Black "Murinova, Julia"]
[Result "1-0"]
[WhiteElo "1960"]
[BlackElo "1876"]
[PlyCount "49"]
[EventDate "2011.10.08"]
[EventType "team-tourn"]
[EventRounds "11"]
[EventCountry "SVK"]
[SourceTitle "EXT 2013"]
[Source "ChessBase"]
[SourceDate "2012.11.22"]
[SourceVersion "1"]
[SourceVersionDate "2012.11.22"]
[SourceQuality "1"]
[WhiteTeam "Zilina Mladost II"]
[BlackTeam "Podpolanie Hrinova"]
[WhiteTeamCountry "SVK"]
[BlackTeamCountry "SVK"]

1. e4 e5 2. Nc3 Nc6 3. f4 d6 4. Nf3 Bg4 5. Bc4 Nd4 6. 0-0 Nf6 7. d3 Bxf3 8. gxf3 Qd7 9. Ne2 Nc6 10. Be3 exf4 11. Nxf4 g5 12. Nd5 Be7 13. Nxe7 Qxe7 14. Qd2 Rg8 15. Kh1 h6 16. Bb5 a6 17. Ba4 g4 18. Qc3 Kd7 19. fxg4 Nxg4 20. Qb3 Qh4 21. Qxf7+ Qe7 22. Qf5+ Kd8 23. Bg1 Qg7 24. Bb3 Nxh2 25. Qf6+ 1-0

[Event "Brno Trade op"]
[Site "Brno"]
[Date "2011.08.21"]
[Round "1"]
[White "Murinova, Julia"]
[Black "Kozak, Milos"]
[Result "0-1"]
[WhiteElo "1876"]
[BlackElo "2232"]
[PlyCount "76"]
[EventDate "2011.08.21"]
[EventType "swiss"]
[EventRounds "9"]
[EventCountry "CZE"]
[SourceTitle "CBM 144 Extra"]
[Source "ChessBase"]
[SourceDate "2011.10.28"]
[SourceVersion "1"]
[SourceVersionDate "2011.10.28"]
[SourceQuality "1"]

1. e4 c6 2. d4 d5 3. Nc3 dxe4 4. Nxe4 Bf5 5. Ng3 Bg6 6. Nf3 Nd7 7. Bc4 e6 8. Bf4 Ngf6 9. 0-0 Be7 10. Re1 Nd5 11. Be5 0-0 12. Ne4 Nxe5 13. Nxe5 Qc7 14. Qf3 Rfd8 15. Rad1 b5 16. Bb3 a5 17. c3 Rac8 18. g3 Bf8 19. h4 Bxe4 20. Rxe4 a4 21. Bc2 c5 22. Rde1 Nf6 23. Rf4 cxd4 24. g4 Bd6 25. Rxf6 gxf6 26. Qxf6 Qe7 27. Qh6 f6 28. Nf3 Qg7 29. Bxh7+ Qxh7 30. Qxf6 Qf7 31. Qg5+ Qg7 32. Qh5 Rc5 33. g5 Qf7 34. Qg4 dxc3 35. g6 Qf5 36. Qxf5 Rxf5 37. Nd4 Bh2+ 38. Kxh2 Rxd4 0-1

[Event "SVK-chT2C 10/11"]
[Site "Slovakia"]
[Date "2011.03.05"]
[Round "8.4"]
[White "Mrazova, Monika"]
[Black "Murinova, Julia"]
[Result "0-1"]
[WhiteElo "1806"]
[BlackElo "1881"]
[PlyCount "70"]
[EventDate "2010.10.23"]
[EventType "team-tourn"]
[EventRounds "11"]
[EventCountry "SVK"]
[SourceTitle "EXT 2019"]
[Source "ChessBase"]
[SourceDate "2018.10.10"]
[SourceVersion "1"]
[SourceVersionDate "2018.10.10"]
[SourceQuality "1"]
[WhiteTeam "Liptov Chess School II"]
[BlackTeam "Podpolanie"]
[WhiteTeamCountry "SVK"]
[BlackTeamCountry "SVK"]

1. e4 e5 2. Nf3 Nc6 3. Bb5 a6 4. Ba4 Nf6 5. 0-0 b5 6. Bb3 Be7 7. Re1 0-0 8. c3 Bb7 9. d4 d6 10. Nbd2 Nd7 11. Nf1 Bf6 12. Ng3 Ne7 13. Bg5 Ng6 14. h4 Nxh4 15. Bxh4 Bxh4 16. Nxh4 Qxh4 17. Nf5 Qg5 18. Bc2 g6 19. Ng3 h5 20. Re3 h4 21. Ne2 f5 22. dxe5 Nxe5 23. Nd4 Rf6 24. Bb3+ Nc4 25. Nf3 Qg4 26. Qd4 Kg7 27. Bxc4 bxc4 28. Qxc4 c5 29. Nd2 fxe4 30. Nxe4 Raf8 31. f3 Qf4 32. Rae1 h3 33. Qb3 Bxe4 34. Rxe4 Qg3 35. Rg4 Qxe1+ 0-1